00423nam a2200121Ia 4500003000400000005001700004008004100021040001800062041000800080100005300088245012400141260003600265OSt20260130144820.0211028s2018 xx 000 0 und d cAIMIT LIBRARY aeng aFernandes, Sony Elgina; D Souza, Rayan.g1616198 aProject report on the challenges faced by recruiters while sourcing for Amazon at people Gamut HR solutions Mangalore / aMangalorebRayan D Souza.c2018